Countries with the Longest Coastline Bordering Each Other - Statistics

General Stats
  • This quiz has been taken 28,168 times
    19,946 since last reset
  • The average score is 19 of 23
Answer Stats
Country % Correct
Russia
99%
Canada
98%
China
98%
United States
98%
Mexico
96%
Brazil
95%
Argentina
94%
Chile
94%
India
94%
Norway
88%
Sweden
87%
Finland
86%
France
83%
Spain
80%
Vietnam
78%
Venezuela
77%
Indonesia
75%
Italy
73%
Myanmar
72%
Malaysia
71%
Papua New Guinea
64%
Turkey
52%
Greece
49%
No matching quizzes found
Score Distribution
Percent of People with Each Score
Percentile by Number Answered
Your Score History
You have not taken this quiz since the last reset